书目信息 |
| 题名: |
藏族与周边民族文化交流研究
|
|
| 作者: | 埃克瓦尔 , 劳佛 著 ;苏发祥 , 洛赛 著 | |
| 分册: | ||
| 出版信息: | 北京 中央民族大学出版社 2013 |
|
| 页数: | 251页 | |
| 开本: | 21cm | |
| 丛书名: | ||
| 单 册: | ||
| 中图分类: | K281.4 | |
| 科图分类: | ||
| 主题词: | 藏族--民族文化--文化交流--研究--甘肃 | |
| 电子资源: | ||
| ISBN: | 978-7-81108-627-0 | |
| 000 | 01641nam0 2200313 450 | |
| 001 | 0102972880 | |
| 005 | 20131114093002.0 | |
| 010 | @a978-7-81108-627-0@dCNY26.00 | |
| 100 | @a20130926d2013 em y0chiy0120 ea | |
| 101 | 1 | @achi@ceng |
| 102 | @aCN@b110000 | |
| 105 | @ab z 000yy | |
| 106 | @ar | |
| 200 | 1 | @a藏族与周边民族文化交流研究@9Cang;Zang Zu Yu Zhou Bian Min Zu Wen Hua Jiao Liu Yan Jiu @f(美)罗伯特 B. 埃克瓦尔,(美)波塞尔德·劳费尔著@g苏发祥,洛赛编译@b专著@dCutural [i. e. Cultural] exchanges between Tibetans and other ethnic groups@zeng |
| 210 | @a北京@c中央民族大学出版社@d2013 | |
| 215 | @a251页@c地图@d21cm | |
| 300 | @a“新世纪优秀人才支持计划”资助项目 项目批准号:NCET-04-0187 | |
| 327 | 1 | @a甘肃、青海交界地方的文化关系研究/(美)罗伯特 B. 埃克瓦尔著;苏发祥编译@a藏语中的借词/(美)波塞尔德·劳费尔著;洛赛编译 |
| 330 | @a本书分两大部分:一、甘肃、青海交界地方的文化关系研究;二、藏语中的借词。第一部分内容包括:甘肃境内的汉藏交界地、汉族与讲汉语之穆斯林、汉族与定居藏族等;第二部分内容包括:I.汉——藏语注释;II.词汇,包括印度语借词、波斯语借词、阿拉伯语借词、维吾尔语借词等。 | |
| 510 | 1 | @aCutural exchanges between Tibetans and other ethnic groups@zeng |
| 510 | 1 | @aCultural exchanges between Tibetans and other ethnic groups@zeng |
| 606 | 0 | @a藏族@x民族文化@x文化交流@x研究@y甘肃 |
| 690 | @aK281.4@v5 | |
| 701 | 0 | @c(美)@a埃克瓦尔@c(Ekvall, Robert B.@f1898~1983)@4著@9ai ke wa er |
| 701 | 0 | @c(美)@a劳佛@c(Laufer, Berthod@f1874~1934)@4著@9lao fu |
| 702 | 0 | @a苏发祥@f(1964~)@9su fa xiang@4著 |
| 702 | 0 | @a洛赛@4编译@9luo sai |
| 801 | 0 | @aCN@bZL@c20130717 |
| 905 | @aBZT@dK281@e2@f3@sK281/2 | |
| 藏族与周边民族文化交流研究/(美)罗伯特 B. 埃克瓦尔,(美)波塞尔德·劳费尔著/苏发祥,洛赛编译=Cutural [i. e. Cultural] exchanges between Tibetans and other ethnic groups.-北京:中央民族大学出版社,2013 |
| 251页:地图;21cm |
| “新世纪优秀人才支持计划”资助项目 项目批准号:NCET-04-0187 |
| 部分内容:甘肃、青海交界地方的文化关系研究/(美)罗伯特 B. 埃克瓦尔著;苏发祥编译;藏语中的借词/(美)波塞尔德·劳费尔著;洛赛编译 |
| ISBN 978-7-81108-627-0:CNY26.00 |
| 本书分两大部分:一、甘肃、青海交界地方的文化关系研究;二、藏语中的借词。第一部分内容包括:甘肃境内的汉藏交界地、汉族与讲汉语之穆斯林、汉族与定居藏族等;第二部分内容包括:I.汉——藏语注释;II.词汇,包括印度语借词、波斯语借词、阿拉伯语借词、维吾尔语借词等。 |
| ● |
| 相关链接 |
|
|
|
正题名:藏族与周边民族文化交流研究
索取号:K281/2
 
预约/预借
| 序号 | 登录号 | 条形码 | 馆藏地/架位号 | 状态 | 备注 |
| 1 | 2000009690 | 2000009690 | 旧书回溯/ [索取号:K281/2] | 在馆 | |
| 2 | 2000009691 | 2000009691 | 旧书回溯/ [索取号:K281/2] | 在馆 | |
| 3 | 2000009692 | 2000009692 | 旧书回溯/ [索取号:K281/2] | 在馆 |